000 00553nam a2200217Ia 4500
001 213
005 20251203123019.0
008 251203t2002||||xx |||||||||||||| ||spa||
020 _a8480554827
041 _aESP
082 _aRE 371
_bC285
110 _aCultural
245 0 _aEnciclopedia práctica del docente
_b
260 _aMadrid :
_bCultural
_c2002
300 _a312 páginas :
_b ilustraciones ;
_c 28 cm.
_e
440 _a
_n
_v
650 _aCIS
653 _aEducación; Métodos de enseñanza
654 _aCED
942 _cENC
_dJUS
_fMIP
_2ddc
_n
999 _c213
_d213